Bolton Wanderers League Players Since 2014 - Statistics

General Stats
  • This quiz has been taken 41 times
  • The average score is 99 of 334
Answer Stats
% Correct
2023/24 (League One - 3rd) Northern Ireland ST 28 Dion Charles 33 14
89%
2022/23 (League One - 5th) Northern Ireland ST 26 Dion Charles 42 16
89%
2021/22 (League One - 9th) Northern Ireland ST 25 Dion Charles 23 8
89%
2023/24 (League One - 3rd) Wales CM 29 Josh Sheehan 43 2
85%
2022/23 (League One - 5th) Wales CM 27 Josh Sheehan 24 2
85%
2021/22 (League One - 9th) Wales CM 26 Josh Sheehan 15 4
85%
2022/23 (League One - 5th) Wales LB 27 Declan John 19 1
81%
2021/22 (League One - 9th) Wales LB 26 Declan John 39 4
81%
2020/21 (League Two - 3rd) Wales LB 25 Declan John 21 2
81%
2023/24 (League One - 3rd) Australia RB 28 Gethin Jones 34 1
81%
2022/23 (League One - 5th) Australia RB 26 Gethin Jones 39 2
81%
2021/22 (League One - 9th) Australia RB 25 Gethin Jones 29
81%
2020/21 (League Two - 3rd) Australia RB 24 Gethin Jones 38 3
81%
2023/24 (League One - 3rd) Portugal CB 28 Ricardo Santos 34
81%
2022/23 (League One - 5th) Portugal CB 27 Ricardo Santos 30 3
81%
2021/22 (League One - 9th) Portugal CB 26 Ricardo Santos 37
81%
2020/21 (League Two - 3rd) Portugal CB 25 Ricardo Santos 46
81%
2023/24 (League One - 3rd) Iceland ST 32 Jon Dadi Bodvarsson 36 4
78%
2022/23 (League One - 5th) Iceland ST 30 Jon Dadi Bodvarsson 21 3
78%
2021/22 (League One - 9th) Iceland ST 29 Jon Dadi Bodvarsson 21 7
78%
2023/24 (League One - 3rd) Grenada ST 37 Cameron Jerome 30 3
74%
2022/23 (League One - 5th) Grenada ST 35 Cameron Jerome 10
74%
2023/24 (League One - 3rd) Northern Ireland CB 25 Eoin Toal 40 4
74%
2022/23 (League One - 5th) Northern Ireland CB 23 Eoin Toal 22 3
74%
2023/24 (League One - 3rd) England RB 28 Josh Dacres-Cogley 44 3
74%
2022/23 (League One - 5th) Northern Ireland RB 18 Conor Bradley 41 5
70%
2022/23 (League One - 5th) Scotland CB 23 George Johnston 36 1
70%
2021/22 (League One - 9th) Scotland CB 22 George Johnston 43 2
70%
2022/23 (League One - 5th) England GK 19 James Trafford 45
70%
2021/22 (League One - 9th) England GK 18 James Trafford 22
70%
2022/23 (League One - 5th) Wales DM 26 MJ Williams 28
70%
2021/22 (League One - 9th) Wales DM 25 MJ Williams 40 1
70%
2020/21 (League Two - 3rd) Wales DM 24 MJ Williams 21
70%
2023/24 (League One - 3rd) England GK 25 Nathan Baxter 33
70%
2023/24 (League One - 3rd) Wales ST 27 Aaron Collins 19 8
67%
2023/24 (League One - 3rd) England CM 28 Kyle Dempsey 41 3
67%
2022/23 (League One - 5th) England CM 26 Kyle Dempsey 39 5
67%
2021/22 (League One - 9th) England CM 25 Kyle Dempsey 11
67%
2023/24 (League One - 3rd) Nigeria ST 26 Victor Adeboyejo 35 10
67%
2022/23 (League One - 5th) Nigeria ST 24 Victor Adeboyejo 16 3
67%
2023/24 (League One - 3rd) England CM 24 Aaron Morley 37 3
63%
2022/23 (League One - 5th) England CM 22 Aaron Morley 41 4
63%
2021/22 (League One - 9th) England CM 21 Aaron Morley 21 1
63%
2023/24 (League One - 3rd) England CM 23 George Thomason 39 6
63%
2022/23 (League One - 5th) England CM 21 George Thomason 20
63%
2021/22 (League One - 9th) England CM 20 George Thomason 13 1
63%
2020/21 (League Two - 3rd) England CM 19 George Thomason 24 1
63%
2023/24 (League One - 3rd) Guinea-Bissau RW 25 Carlos Mendes 16 2
59%
2023/24 (League One - 3rd) England GK 28 Joel Coleman 13
59%
2018/19 (Championship - 23rd) England CM 21 Joe Williams 30
59%
2023/24 (League One - 3rd) England RW 27 Randell Williams 32 3
59%
2022/23 (League One - 5th) England RW 25 Randell Williams 15 1
59%
2016/17 (League One - 2nd) England LM 29 Chris Taylor 16
56%
2018/19 (Championship - 23rd) England CB 31 David Wheater 33
56%
2017/18 (Championship - 21st) England CB 30 David Wheater 33 1
56%
2016/17 (League One - 2nd) England CB 29 David Wheater 43 9
56%
2015/16 (Championship - 24th) England CB 28 David Wheater 28 1
56%
2014/15 (Championship - 18th) England CB 27 David Wheater 17 1
56%
2023/24 (League One - 3rd) Australia LB 28 Jack Iredale 31 3
56%
2022/23 (League One - 5th) Australia LB 26 Jack Iredale 19
56%
2018/19 (Championship - 23rd) England LB 31 Andrew Taylor 26
52%
2017/18 (Championship - 21st) England LB 30 Andrew Taylor 20
52%
2016/17 (League One - 2nd) England LB 29 Andrew Taylor 34
52%
2023/24 (League One - 3rd) England CB 21 Caleb Taylor 7
52%
2023/24 (League One - 3rd) England ST 25 Dan Nlundulu 21 1
52%
2022/23 (League One - 5th) England ST 23 Dan Nlundulu 13 1
52%
2019/20 (League One - 23rd) Ireland ST 36 Daryl Murphy 24 8
52%
2018/19 (Championship - 23rd) England CB 28 Mark Beevers 32 3
52%
2017/18 (Championship - 21st) England CB 27 Mark Beevers 44 1
52%
2016/17 (League One - 2nd) England CB 26 Mark Beevers 45 7
52%
2022/23 (League One - 5th) England RW 24 Oladapo Afolayan 22 3
52%
2021/22 (League One - 9th) England RW 23 Oladapo Afolayan 44 12
52%
2020/21 (League Two - 3rd) England RW 22 Oladapo Afolayan 21 1
52%
2014/15 (Championship - 18th) England CB 20 Quade Taylor 1
52%
2019/20 (League One - 23rd) England CM 29 Luke Murphy 29 2
48%
2018/19 (Championship - 23rd) England CM 28 Luke Murphy 11
48%
2023/24 (League One - 3rd) England CM 23 Paris Maghoma 37 8
48%
2018/19 (Championship - 23rd) England ST 31 Adam Le Fondre 1
44%
2017/18 (Championship - 21st) England ST 30 Adam Le Fondre 35 7
44%
2016/17 (League One - 2nd) England ST 29 Adam Le Fondre 19 6
44%
2014/15 (Championship - 18th) England ST 27 Adam Le Fondre 17 8
44%
2018/19 (Championship - 23rd) England GK 31 Ben Alnwick 27
44%
2017/18 (Championship - 21st) England GK 30 Ben Alnwick 39
44%
2016/17 (League One - 2nd) England GK 29 Ben Alnwick 21
44%
2023/24 (League One - 3rd) Scotland RB 20 Calvin Ramsay 3
44%
2014/15 (Championship - 18th) United States CB 26 Tim Ream 44
44%
2017/18 (Championship - 21st) England LW 22 Zach Clough 9 1
44%
2016/17 (League One - 2nd) England LW 21 Zach Clough 23 9
44%
2015/16 (Championship - 24th) England LW 20 Zach Clough 28 7
44%
2014/15 (Championship - 18th) England LW 19 Zach Clough 8 5
44%
2014/15 (Championship - 18th) Hungary GK 26 Adam Bogdan 10
41%
2017/18 (Championship - 21st) United States LB 19 Antonee Robinson 30
41%
2022/23 (League One - 5th) DR Congo ST 30 Elias Kachunga 38
41%
2021/22 (League One - 9th) DR Congo ST 29 Elias Kachunga 32 2
41%
2022/23 (League One - 5th) Sierra Leone ST 26 Amadou Bakayoko 20 1
37%
2021/22 (League One - 9th) Sierra Leone ST 25 Amadou Bakayoko 32 10
37%
2017/18 (Championship - 21st) Spain CB 24 Derik Osede 17
37%
2016/17 (League One - 2nd) Spain CB 23 Derik Osede 25
37%
2015/16 (Championship - 24th) Spain CB 22 Derik Osede 23
37%
2021/22 (League One - 9th) Ireland ST 33 Eoin Doyle 21 5
37%
2020/21 (League Two - 3rd) Ireland ST 32 Eoin Doyle 43 19
37%
2018/19 (Championship - 23rd) England CM 24 Josh Vela 17
37%
2017/18 (Championship - 21st) England CM 23 Josh Vela 30 1
37%
2016/17 (League One - 2nd) England CM 22 Josh Vela 46 9
37%
2015/16 (Championship - 24th) England CM 21 Josh Vela 31 2
37%
2014/15 (Championship - 18th) England CM 20 Josh Vela 29
37%
2022/23 (League One - 5th) England DM 34 Kieran Lee 32 3
37%
2021/22 (League One - 9th) England DM 33 Kieran Lee 25 5
37%
2020/21 (League Two - 3rd) England DM 32 Kieran Lee 20 1
37%
2014/15 (Championship - 18th) South Korea RW 25 Lee Chung-yong 23 3
37%
2023/24 (League One - 3rd) England LB 23 Nathanael Ogbeta 15 2
37%
2023/24 (League One - 3rd) England CB 22 Will Forrester 14
37%
2017/18 (Championship - 21st) England ST 37 Aaron Wilbraham 23 2
33%
2014/15 (Championship - 18th) Wales ST 28 Craig Davies 27 6
33%
2017/18 (Championship - 21st) England CM 32 Darren Pratley 32 2
33%
2016/17 (League One - 2nd) England CM 31 Darren Pratley 12
33%
2015/16 (Championship - 24th) England CM 30 Darren Pratley 36 1
33%
2014/15 (Championship - 18th) England CM 29 Darren Pratley 22 4
33%
2019/20 (League One - 23rd) Romania LW 19 Dennis Politic 24 3
33%
2019/20 (League One - 23rd) Turkey AM 28 Erhun Oztumer 1
33%
2018/19 (Championship - 23rd) Turkey AM 27 Erhun Oztumer 17
33%
2017/18 (Championship - 21st) Portugal RM 31 Filipe Morais 33 1
33%
2016/17 (League One - 2nd) Portugal RM 30 Filipe Morais 19 2
33%
2017/18 (Championship - 21st) England ST 26 Gary Madine 28 10
33%
2016/17 (League One - 2nd) England ST 25 Gary Madine 36 9
33%
2015/16 (Championship - 24th) England ST 24 Gary Madine 31 5
33%
2016/17 (League One - 2nd) England CM 27 Liam Trotter 20 2
33%
2015/16 (Championship - 24th) England CM 26 Liam Trotter 13 1
33%
2014/15 (Championship - 18th) England CM 25 Liam Trotter 14 1
33%
2022/23 (League One - 5th) Wales RW 29 Lloyd Isgrove 3
33%
2021/22 (League One - 9th) Wales RW 28 Lloyd Isgrove 18
33%
2020/21 (League Two - 3rd) Wales RW 27 Lloyd Isgrove 32 4
33%
2017/18 (Championship - 21st) England GK 30 Mark Howard 8
33%
2016/17 (League One - 2nd) England GK 29 Mark Howard 27
33%
2019/20 (League One - 23rd) England GK 25 Remi Matthews 33
33%
2018/19 (Championship - 23rd) England GK 24 Remi Matthews 18
33%
2022/23 (League One - 5th) England AM 18 Shola Shoretire 16 1
33%
2019/20 (League One - 23rd) France CB 21 Yoan Zouma 17
33%
2021/22 (League One - 9th) England CB 35 Alex Baptiste 12 1
30%
2020/21 (League Two - 3rd) England CB 34 Alex Baptiste 40
30%
2015/16 (Championship - 24th) England ST 37 Emile Heskey 30 2
30%
2014/15 (Championship - 18th) England ST 36 Emile Heskey 16 1
30%
2016/17 (League One - 2nd) England DM 27 Jay Spearing 37 3
30%
2015/16 (Championship - 24th) England DM 26 Jay Spearing 22 2
30%
2014/15 (Championship - 18th) England DM 25 Jay Spearing 21 1
30%
2017/18 (Championship - 21st) Turkey CM 28 Jem Karacan 16
30%
2016/17 (League One - 2nd) Turkey CM 27 Jem Karacan 5 1
30%
2022/23 (League One - 5th) England GK 28 Joel Dixon 1
30%
2021/22 (League One - 9th) England GK 27 Joel Dixon 23
30%
2022/23 (League One - 5th) England CB 18 Luke Mbete 8 1
30%
2016/17 (League One - 2nd) England CM 28 Mark Davies 5
30%
2015/16 (Championship - 24th) England CM 27 Mark Davies 36
30%
2014/15 (Championship - 18th) England CM 26 Mark Davies 15 2
30%
2021/22 (League One - 9th) Scotland GK 39 Matt Gilks 1
30%
2020/21 (League Two - 3rd) Scotland GK 38 Matt Gilks 35
30%
2018/19 (Championship - 23rd) England LW 26 Sammy Ameobi 30 4
30%
2017/18 (Championship - 21st) England LW 25 Sammy Ameobi 35 4
30%
2016/17 (League One - 2nd) England LW 24 Sammy Ameobi 20 2
30%
2015/16 (Championship - 24th) Nigeria ST 33 Shola Ameobi 8 2
30%
2021/22 (League One - 9th) England CM 29 Antoni Sarcevic 14 3
26%
2020/21 (League Two - 3rd) England CM 28 Antoni Sarcevic 32 7
26%
2018/19 (Championship - 23rd) Jamaica ST 34 Clayton Donaldson 31 1
26%
2017/18 (Championship - 21st) France CB 28 Dorian Dervite 14
26%
2016/17 (League One - 2nd) France CB 27 Dorian Dervite 14
26%
2015/16 (Championship - 24th) France CB 26 Dorian Dervite 22 1
26%
2014/15 (Championship - 18th) France CB 25 Dorian Dervite 37
26%
2014/15 (Championship - 18th) Iceland ST 35 Eidur Gudjohnsen 21 5
26%
2016/17 (League One - 2nd) England RM 27 James Henry 30 1
26%
2018/19 (Championship - 23rd) Northern Ireland ST 27 Josh Magennis 42 3
26%
2021/22 (League One - 9th) Guyana LB 22 Liam Gordon 13
26%
2020/21 (League Two - 3rd) Guyana LB 21 Liam Gordon 10
26%
2021/22 (League One - 9th) United States RB 22 Marlon Fossey 15 1
26%
2016/17 (League One - 2nd) England SS 21 Max Clayton 10 1
26%
2015/16 (Championship - 24th) England SS 20 Max Clayton 8
26%
2014/15 (Championship - 18th) England SS 19 Max Clayton 9 1
26%
2022/23 (League One - 5th) Wales LB 19 Owen Beck 5
26%
2015/16 (Championship - 24th) England CB 19 Rob Holding 26 1
26%
2019/20 (League One - 23rd) Belgium LW 19 Thibau Verlinden 15 3
26%
2023/24 (League One - 3rd) Wales LB 21 Zac Ashworth 16 2
26%
2020/21 (League Two - 3rd) Scotland LM 28 Ali Crawford 21 1
22%
2019/20 (League One - 23rd) Scotland LM 27 Ali Crawford 12
22%
2015/16 (Championship - 24th) England GK 25 Ben Amos 40
22%
2014/15 (Championship - 18th) England GK 24 Ben Amos 9
22%
2020/21 (League Two - 3rd) Montserrat DM 24 Brandon Comley 10
22%
2017/18 (Championship - 21st) England DM 34 Karl Henry 33 1
22%
2021/22 (League One - 9th) England ST 30 Nathan Delfouneso 11
22%
2020/21 (League Two - 3rd) England ST 29 Nathan Delfouneso 44 6
22%
2015/16 (Championship - 24th) Guyana CM 32 Neil Danns 32 2
22%
2014/15 (Championship - 18th) Guyana CM 31 Neil Danns 41 1
22%
2018/19 (Championship - 23rd) Poland RB 28 Pawel Olkowski 37 2
22%
2021/22 (League One - 9th) England AM 20 Ronan Darcy 1
22%
2020/21 (League Two - 3rd) England AM 19 Ronan Darcy 8
22%
2019/20 (League One - 23rd) England AM 18 Ronan Darcy 19 1
22%
2018/19 (Championship - 23rd) England AM 17 Ronan Darcy 1
22%
2019/20 (League One - 23rd) England RW 29 Will Buckley 5
22%
2018/19 (Championship - 23rd) England RW 28 Will Buckley 33 5
22%
2017/18 (Championship - 21st) England RW 27 Will Buckley 24 2
22%
2017/18 (Championship - 21st) England ST 20 Adam Armstrong 20 1
19%
2019/20 (League One - 23rd) Zimbabwe LB 27 Adam Chicksen 16
19%
2020/21 (League Two - 3rd) England CM 29 Andrew Tutte 19
19%
2014/15 (Championship - 18th) England GK 30 Andy Lonergan 29
19%
2020/21 (League Two - 3rd) France LW 27 Arthur Gnahoua 28 2
19%
2018/19 (Championship - 23rd) England CM 35 Gary O'Neil 29 3
19%
2019/20 (League One - 23rd) England DM 27 Jason Lowe 29
19%
2018/19 (Championship - 23rd) England DM 26 Jason Lowe 35
19%
2016/17 (League One - 2nd) England RB 28 Lawrie Wilson 18 1
19%
2015/16 (Championship - 24th) England RB 27 Lawrie Wilson 12 1
19%
2020/21 (League Two - 3rd) Ireland CB 23 Ryan Delaney 20 1
19%
2019/20 (League One - 23rd) Ireland CB 22 Ryan Delaney 4 1
19%
2020/21 (League Two - 3rd) England GK 20 Billy Crellin 11
15%
2019/20 (League One - 23rd) England ST 33 Chris O'Grady 20 2
15%
2018/19 (Championship - 23rd) England RW 30 Craig Noone 36 1
15%
2017/18 (Championship - 21st) England RW 29 Craig Noone 24 1
15%
2016/17 (League One - 2nd) England ST 24 Jamie Proctor 21
15%
2019/20 (League One - 23rd) England RB 21 Josh Emmanuel 27
15%
2022/23 (League One - 5th) Ireland LW 27 Kieran Sadlier 19 1
15%
2021/22 (League One - 9th) Ireland LW 26 Kieran Sadlier 18 4
15%
2018/19 (Championship - 23rd) Ireland CB 30 Marc Wilson 16
15%
2018/19 (Championship - 23rd) England RB 29 Mark Little 2
15%
2017/18 (Championship - 21st) England RB 28 Mark Little 28 1
15%
2014/15 (Championship - 18th) Sierra Leone DM 26 Mohamed Kamara 5
15%
2020/21 (League Two - 3rd) Guyana CB 23 Reiss Greenidge 5
15%
2020/21 (League Two - 3rd) England ST 32 Shaun Miller 20 3
15%
2022/23 (League One - 5th) England CB 28 Will Aimson 11
15%
2021/22 (League One - 9th) England CB 27 Will Aimson 25 1
15%
2021/22 (League One - 9th) England CB 19 Adam Senior 2
11%
2019/20 (League One - 23rd) England CB 17 Adam Senior 2
11%
2019/20 (League One - 23rd) England ST 18 Eddie Brown 5
11%
2015/16 (Championship - 24th) Italy RB 29 Francesco Pisano 3
11%
2021/22 (League One - 9th) England RB 22 Harry Brockbank 4
11%
2020/21 (League Two - 3rd) England RB 21 Harry Brockbank 18
11%
2019/20 (League One - 23rd) England RB 20 Harry Brockbank 6
11%
2018/19 (Championship - 23rd) England RB 19 Harry Brockbank 3
11%
2014/15 (Championship - 18th) England RB 19 Hayden White 3
11%
2014/15 (Championship - 18th) Jamaica ST 30 Jermaine Beckford 13
11%
2019/20 (League One - 23rd) England LW 24 Joseph Dodoo 24 4
11%
2017/18 (Championship - 21st) Ireland CM 21 Josh Cullen 12
11%
2019/20 (League One - 23rd) Scotland DM 30 Liam Bridcutt 11
11%
2019/20 (League One - 23rd) England CB 22 Liam Edwards 6
11%
2015/16 (Championship - 24th) England RM 28 Liam Feeney 37 5
11%
2014/15 (Championship - 18th) England RM 27 Liam Feeney 41 3
11%
2018/19 (Championship - 23rd) Ireland DM 17 Luca Connell 10
11%
2020/21 (League Two - 3rd) England AM 26 Marcus Maddison 10
11%
2014/15 (Championship - 18th) England CB 27 Matt Mills 37 4
11%
2020/21 (League Two - 3rd) Ireland RB 20 Peter Kioso 13 3
11%
2019/20 (League One - 23rd) England CM 16 Regan Riley 1
11%
2015/16 (Championship - 24th) Scotland ST 32 Stephen Dobbie 24 4
11%
2015/16 (Championship - 24th) Brazil RW 22 Wellington Silva 22 2
11%
2018/19 (Championship - 23rd) Suriname LW 26 Yanic Wildschut 16 2
11%
2020/21 (League Two - 3rd) Ireland RW 22 Zack Elbouzedi 14
11%
2015/16 (Championship - 24th) Iran LW 16 Alexander Samizadeh 1
7%
2014/15 (Championship - 18th) England LB 20 Andy Kellett 1
7%
2019/20 (League One - 23rd) Cyprus LM 22 Anthony Georgiou 2
7%
2019/20 (League One - 23rd) DR Congo CB 27 Aristote Nsiala 12
7%
2016/17 (League One - 2nd) Ireland RW 21 Conor Wilkinson 9
7%
2014/15 (Championship - 18th) Ireland RW 19 Conor Wilkinson 4
7%
2016/17 (League One - 2nd) England LB 30 Dean Moxey 19
7%
2015/16 (Championship - 24th) England LB 29 Dean Moxey 33
7%
2014/15 (Championship - 18th) England LB 28 Dean Moxey 20 1
7%
2020/21 (League Two - 3rd) England CB 26 George Taft 1
7%
2017/18 (Championship - 21st) Ireland CM 20 Harry Charsley 1
7%
2019/20 (League One - 23rd) England CB 30 Jack Hobbs 11 1
7%
2018/19 (Championship - 23rd) England CB 29 Jack Hobbs 25 1
7%
2020/21 (League Two - 3rd) England RB 21 Jak Hickman 4
7%
2019/20 (League One - 23rd) England CM 23 James Weir 8
7%
2017/18 (Championship - 21st) Germany DM 26 Jan Kirchhoff 4
7%
2019/20 (League One - 23rd) England LB 17 Joe White 4
7%
2017/18 (Championship - 21st) England RB 24 Jon Flanagan 9
7%
2015/16 (Championship - 24th) Spain LB 28 Jose Manuel Casado 9
7%
2019/20 (League One - 23rd) England LB 20 Josh Earl 9
7%
2019/20 (League One - 23rd) England GK 17 Matthew Alexander 1
7%
2019/20 (League One - 23rd) England DM 17 Sonny Graham 13
7%
2020/21 (League Two - 3rd) England CM 23 Tom White 9
7%
2014/15 (Championship - 18th) Scotland CM 24 Barry Bannan 16
4%
2020/21 (League Two - 3rd) England LB 19 Ben Jackson 5 1
4%
2018/19 (Championship - 23rd) England DM 20 Callum Connolly 16 2
4%
2016/17 (League One - 2nd) England ST 21 Chris Long 10 1
4%
2019/20 (League One - 23rd) Scotland CM 20 Ethan Hamilton 12 1
4%
2015/16 (Championship - 24th) Czech Republic CB 22 Filip Twardzik 2
4%
2014/15 (Championship - 18th) Czech Republic CB 21 Filip Twardzik 3 1
4%
2020/21 (League Two - 3rd) England LW 17 Finlay Lockett 1
4%
2019/20 (League One - 23rd) England LW 16 Finlay Lockett 2
4%
2019/20 (League One - 23rd) England CM 28 Jacob Mellis 6
4%
2019/20 (League One - 23rd) England CB 33 Jake Wright 11
4%
2020/21 (League Two - 3rd) England LB 23 Jamie Mascoll 7
4%
2018/19 (Championship - 23rd) Malta DM 20 Joe Muscatt 1
4%
2018/19 (Championship - 23rd) England CB 30 Jonathan Grounds 13
4%
2019/20 (League One - 23rd) England CB 22 Kean Bryan 6 1
4%
2014/15 (Championship - 18th) Scotland RB 31 Kevin McNaughton 9
4%
2016/17 (League One - 2nd) England RB 32 Lewix Buxton 9
4%
2019/20 (League One - 23rd) England ST 22 Muhammadu Faal 2
4%
2015/16 (Championship - 24th) England CB 19 Niall Maher 5
4%
2015/16 (Championship - 24th) England GK 34 Paul Rachubka 7
4%
2017/18 (Championship - 21st) England CB 20 Reece Burke 25 1
4%
2014/15 (Championship - 18th) Portugal LW 19 Rochinha 4
4%
2014/15 (Championship - 18th) Gambia RB 18 Saidy Janko 10 1
4%
2017/18 (Championship - 21st) England RB 28 Stephen Darby 3
4%
2014/15 (Championship - 18th) England ST 22 Tom Eaves 1
4%
2015/16 (Championship - 24th) England LM 19 Tom Walker 7
4%
2014/15 (Championship - 18th) England LM 18 Tom Walker 11 1
4%
2017/18 (Championship - 21st) England ST 20 Tyler Walker 5
4%
2021/22 (League One - 9th) England RW 20 Xavier Amaechi 10 1
4%
2015/16 (Championship - 24th) England CB 19 Alex Finney 2
0%
2019/20 (League One - 23rd) England LB 19 Brandon Fleming 10
0%
2020/21 (League Two - 3rd) England RW 17 Bright Amoateng 1
0%
2019/20 (League One - 23rd) Wales LM 17 Callum King-Harmes 5
0%
2014/15 (Championship - 18th) Australia DM 25 Chris Herd 2
0%
2018/19 (Championship - 23rd) Wales ST 25 Christian Doidge 17 1
0%
2019/20 (League One - 23rd) England ST 21 Connor Hall 1
0%
2019/20 (League One - 23rd) England ST 17 De'Marlio Brown-Sterling 2
0%
2015/16 (Championship - 24th) England ST 18 George Newell 2
0%
2014/15 (Championship - 18th) England CM 28 Giles Coke 4
0%
2018/19 (Championship - 23rd) England CM 19 Jack Earing 1
0%
2017/18 (Championship - 21st) England RB 21 Jeff King 1
0%
2019/20 (League One - 23rd) England LB 25 Joe Bunney 2
0%
2014/15 (Championship - 18th) Ireland ST 23 Joe Mason 12 4
0%
2018/19 (Championship - 23rd) England CM 21 Joe Pritchard 4
0%
2019/20 (League One - 23rd) England CB 18 Jordan Boon 3
0%
2016/17 (League One - 2nd) England LW 21 Kaiyne Woolery 1
0%
2015/16 (Championship - 24th) England LW 20 Kaiyne Woolery 17 2
0%
2014/15 (Championship - 18th) England LW 19 Kaiyne Woolery 1
0%
2016/17 (League One - 2nd) England AM 21 Keshi Anderson 8 1
0%
2018/19 (Championship - 23rd) England LM 35 Lloyd Dyer 7
0%
2015/16 (Championship - 24th) England RB 21 Oscar Threlkeld 3
0%
2014/15 (Championship - 18th) England RB 20 Oscar Threlkeld 4
0%
2014/15 (Championship - 18th) Ireland CM 26 Owen Garvan 3
0%
2014/15 (Championship - 18th) Ireland CB 31 Paddy McCarthy 5
0%
2015/16 (Championship - 24th) France CB 21 Prince Gouano 19
0%
2016/17 (League One - 2nd) England RB 24 Reece Wabara 1
0%
2014/15 (Championship - 18th) England RW 20 Rob Hall 9
0%
2014/15 (Championship - 18th) Bulgaria DM 20 Simeon Slavchev 1
0%
2016/17 (League One - 2nd) England CB 23 Tom Thorpe 21 1
0%
2015/16 (Championship - 24th) England LB 18 Tyler Garratt 3
0%
2016/17 (League One - 2nd) Nigeria RW 20 Viv Solomon-Otabor 4
0%
No matching quizzes found
Score Distribution
Percent of People with Each Score
Percentile by Number Answered
Your Score History
You have not taken this quiz